000 02171nam a2200217Ia 4500
003 Ost
005 20260416102402.0
008 260416s9999||||xx |||||||||||||| ||und||
040 _cfsecg
041 _aara
082 _a338.9
100 _aتوام، زاهية
_eمؤلف
245 0 _aمحاضرات في الاقتصاد النقدي /
_c زاهية توام
260 _aالجزائر
_bجامعة الجزائر3: كلية العلوم الإقتصادية، العلوم التجارية وعلوم التسيير
_c2024
300 _a124 ورقة
_bايضاحات
_c12 سم
504 _aالمراجع ص.111
520 _aتتناول هذه المطبوعة بشكل تفصيلي مفهوم النقود ودوره في الاقتصاد. تبدأ بالتحقيق في تطور النقود من مرحلة الإكتفاء الذاتي إلى مرحلة المقايضة وصولاً إلى ظهور النقود المعدنية والورقية. ثم تغوص في تعريف النقود ووظائفها وأنواعها المختلفة. بعد ذلك، تستعرض المطبوعة مفاهيم الكتلة النقدية ومقابلاتها، وتناقش الأنظمة النقدية المختلفة. كما تتناول دور البنوك التجارية والبنوك المركزية في خلق النقود وإدارتها. وتستعرض المطبوعة أيضًا ظاهرة التضخم وأسبابه وطرق مكافحته من خلال السياسة النقدية. أخيرًا، تتناول المطبوعة السوق النقدية ووظائفها وأدواتها المتداولة.بشكل عام، تقدم هذه المطبوعة قراءة شاملة لمفهوم النقود ودوره المحوري في الاقتصاد، بدءًا من تاريخه وتطوره وصولًا إلى آلياته المعاصرة وتأثيره على السياسات الاقتصادية.
653 _aالاقتصاد النقدي
710 _aجامعة الجزائر3: كلية العلوم الإقتصادية، العلوم التجارية وعلوم التسيير
_eناشر علمي
942 _cHANDOUT
999 _c41457
_d41457